<?xml version='1.0' encoding='UTF-8'?>
  <record xmlns="http://www.loc.gov/MARC21/slim">
    <leader>00000cam a22000007i 4500</leader>
    <controlfield tag="001">on1235625659</controlfield>
    <controlfield tag="003">OCoLC</controlfield>
    <controlfield tag="005">20250725002419.5</controlfield>
    <controlfield tag="008">960112s1570    sz            000 0 lat d</controlfield>
    <datafield tag="040" ind1=" " ind2=" ">
      <subfield code="a">OTZ</subfield>
      <subfield code="b">eng</subfield>
      <subfield code="e">rda</subfield>
      <subfield code="e">dcrmr</subfield>
      <subfield code="c">OTZ</subfield>
      <subfield code="d">OCLCO</subfield>
      <subfield code="d">OCLCF</subfield>
      <subfield code="d">OCLCO</subfield>
      <subfield code="d">OCLCA</subfield>
      <subfield code="d">OCLCL</subfield>
      <subfield code="d">QGJ</subfield>
      <subfield code="d">OCLCQ</subfield>
      <subfield code="d">OCLCA</subfield>
    </datafield>
    <datafield tag="035" ind1=" " ind2=" ">
      <subfield code="a">(OCoLC)1235625659</subfield>
    </datafield>
    <datafield tag="041" ind1="1" ind2=" ">
      <subfield code="a">lat</subfield>
      <subfield code="a">gre</subfield>
      <subfield code="a">ita</subfield>
      <subfield code="h">gre</subfield>
    </datafield>
    <datafield tag="100" ind1="1" ind2=" ">
      <subfield code="a">Morata, Olympia Fulvia,</subfield>
      <subfield code="d">1526-1555,</subfield>
      <subfield code="e">author.</subfield>
      <subfield code="4">aut</subfield>
      <subfield code="1">https://id.oclc.org/worldcat/entity/E39PBJd8bXcDxPQQxGxH8kxqwC</subfield>
    </datafield>
    <datafield tag="240" ind1="1" ind2="0">
      <subfield code="a">Works.</subfield>
      <subfield code="f">1570.</subfield>
    </datafield>
    <datafield tag="245" ind1="1" ind2="0">
      <subfield code="a">Olympiae Fuluiae Moratae foeminae doctissimae ac plane diuinae opera omnia quae hactenus inueniri potuerunt: cum eruditorum testimonijs et laudibus. :</subfield>
      <subfield code="b">Hyppolitae Taurellae Elegia elegantissima. Quibus Caelij S. C. selectae Epistolae ac orationes accesserunt.</subfield>
    </datafield>
    <datafield tag="246" ind1="3" ind2=" ">
      <subfield code="a">Olympiae Fvlviae Moratae foeminae doctissimae ac plane divinae opera omnia quae hactenus inueniri potuerunt</subfield>
    </datafield>
    <datafield tag="246" ind1="3" ind2=" ">
      <subfield code="a">Olympiae Fulviae Moratae foeminae doctissimae ac plane divinae opera omnia quae hactenus inueniri potuerunt</subfield>
    </datafield>
    <datafield tag="246" ind1="3" ind2=" ">
      <subfield code="a">Opera omnia</subfield>
    </datafield>
    <datafield tag="264" ind1=" " ind2="1">
      <subfield code="a">Basileae :</subfield>
      <subfield code="b">Apud Petrum Pernam,</subfield>
      <subfield code="c">M.D.LXX. [1570]</subfield>
    </datafield>
    <datafield tag="300" ind1=" " ind2=" ">
      <subfield code="a">[16] unnumbered pages, 511 pages ;</subfield>
      <subfield code="c">18 cm (8vo)</subfield>
    </datafield>
    <datafield tag="336" ind1=" " ind2=" ">
      <subfield code="a">text</subfield>
      <subfield code="b">txt</subfield>
      <subfield code="2">rdacontent</subfield>
    </datafield>
    <datafield tag="337" ind1=" " ind2=" ">
      <subfield code="a">unmediated</subfield>
      <subfield code="b">n</subfield>
      <subfield code="2">rdamedia</subfield>
    </datafield>
    <datafield tag="338" ind1=" " ind2=" ">
      <subfield code="a">volume</subfield>
      <subfield code="b">nc</subfield>
      <subfield code="2">rdacarrier</subfield>
    </datafield>
    <datafield tag="340" ind1=" " ind2=" ">
      <subfield code="m">8vo</subfield>
      <subfield code="2">rdabf</subfield>
    </datafield>
    <datafield tag="500" ind1=" " ind2=" ">
      <subfield code="a">Signatures: *⁸, A-Z⁸, Aa-Ii⁸ [Ii8 blank].</subfield>
    </datafield>
    <datafield tag="500" ind1=" " ind2=" ">
      <subfield code="a">With woodcut initals.</subfield>
    </datafield>
    <datafield tag="500" ind1=" " ind2=" ">
      <subfield code="a">With printer's device on title page with slogan "Verbum tuum lucerna pedibus meis".</subfield>
    </datafield>
    <datafield tag="500" ind1=" " ind2=" ">
      <subfield code="a">"Caelii C. S." is Celio Secondo Curione, who also edited the collection.</subfield>
    </datafield>
    <datafield tag="500" ind1=" " ind2=" ">
      <subfield code="a">Ode to the author on page [16] placed in historiated border, with date "1556" in bottom right corner.</subfield>
    </datafield>
    <datafield tag="500" ind1=" " ind2=" ">
      <subfield code="a">Dedicatory letter to Elisabeth I, Queen of England, dated Basel, September 1562.</subfield>
    </datafield>
    <datafield tag="505" ind1="8" ind2="0">
      <subfield code="g">Contains among others:</subfield>
      <subfield code="t">Neiphile ex Ioannis Boccacii Decamerone /</subfield>
      <subfield code="r">Olympia Morata interprete --</subfield>
      <subfield code="t">Caelii S. C. selectarum epistolarum Libri duo --</subfield>
      <subfield code="t">Agrippae et Mecoenatis Orationum Argumentum /</subfield>
      <subfield code="r">Caelio S. C. autore --</subfield>
      <subfield code="t">Agrippae ad Octauium Caes. Augustum oratio, contra Monarchiam: ex Dione Lib. LII /</subfield>
      <subfield code="r">Caelio S. C. interprete.</subfield>
    </datafield>
    <datafield tag="510" ind1="4" ind2=" ">
      <subfield code="a">Verzeichnis der im deutschen Sprachbereich erschienenen Drucke des 16. Jahrhunderts (VD 16),</subfield>
      <subfield code="c">M 6288</subfield>
      <subfield code="u">https://gateway-bayern.de/VD16+M+6288</subfield>
    </datafield>
    <datafield tag="510" ind1="4" ind2=" ">
      <subfield code="3">Boccaccio, Giovanni: Pamphilus ... Neiphile:</subfield>
      <subfield code="a">Verzeichnis der im deutschen Sprachbereich erschienenen Drucke des 16. Jahrhunderts (VD 16),</subfield>
      <subfield code="c">B 5841</subfield>
      <subfield code="u">https://gateway-bayern.de/VD16+M+6288</subfield>
    </datafield>
    <datafield tag="510" ind1="4" ind2=" ">
      <subfield code="3">Curione, Celio Secondo: Orationum liber unus:</subfield>
      <subfield code="a">Verzeichnis der im deutschen Sprachbereich erschienenen Drucke des 16. Jahrhunderts (VD 16),</subfield>
      <subfield code="c">VD16 C 6428</subfield>
      <subfield code="u">https://gateway-bayern.de/VD16+M+6288</subfield>
    </datafield>
    <datafield tag="510" ind1="4" ind2=" ">
      <subfield code="3">Curione, Celio Secondo: Selectarum epistolarum libri duo,</subfield>
      <subfield code="a">Verzeichnis der im deutschen Sprachbereich erschienenen Drucke des 16. Jahrhunderts (VD 16),</subfield>
      <subfield code="c">VD16 C 6440</subfield>
      <subfield code="u">https://gateway-bayern.de/VD16+M+6288</subfield>
    </datafield>
    <datafield tag="510" ind1="4" ind2=" ">
      <subfield code="3">Cassius Dio Cocceianus: Historia Romana,</subfield>
      <subfield code="a">Verzeichnis der im deutschen Sprachbereich erschienenen Drucke des 16. Jahrhunderts (VD 16),</subfield>
      <subfield code="c">VD16 D 1797</subfield>
      <subfield code="u">https://gateway-bayern.de/VD16+M+6288</subfield>
    </datafield>
    <datafield tag="510" ind1="4" ind2=" ">
      <subfield code="3">Torelli Castiglioni, Ippolita: Elegia elegantissima,</subfield>
      <subfield code="a">Verzeichnis der im deutschen Sprachbereich erschienenen Drucke des 16. Jahrhunderts (VD 16),</subfield>
      <subfield code="c">VD16 T 1563</subfield>
      <subfield code="u">https://gateway-bayern.de/VD16+M+6288</subfield>
    </datafield>
    <datafield tag="510" ind1="4" ind2=" ">
      <subfield code="a">Adams, H.M. Catalogue of books printed on the continent of Europe, 1501-1600, in Cambridge libraries,</subfield>
      <subfield code="c">M 1740</subfield>
    </datafield>
    <datafield tag="546" ind1=" " ind2=" ">
      <subfield code="a">Some portions of text in Greek and Italian; those in Greek are accompanied by Latin translations.</subfield>
    </datafield>
    <datafield tag="650" ind1=" " ind2="0">
      <subfield code="a">Humanists</subfield>
      <subfield code="v">Correspondence</subfield>
      <subfield code="v">Early works to 1800.</subfield>
    </datafield>
    <datafield tag="650" ind1=" " ind2="0">
      <subfield code="a">Women authors, Italian</subfield>
      <subfield code="v">Correspondence</subfield>
      <subfield code="v">Early works to 1800.</subfield>
    </datafield>
    <datafield tag="600" ind1="1" ind2="0">
      <subfield code="a">Morata, Olympia Fulvia,</subfield>
      <subfield code="d">1526-1555</subfield>
      <subfield code="x">Early works to 1800.</subfield>
    </datafield>
    <datafield tag="650" ind1=" " ind2="0">
      <subfield code="a">Humanists</subfield>
      <subfield code="z">Italy</subfield>
      <subfield code="x">Early works to 1800.</subfield>
    </datafield>
    <datafield tag="650" ind1=" " ind2="0">
      <subfield code="a">Women authors, European</subfield>
      <subfield code="x">Early works to 1800.</subfield>
    </datafield>
    <datafield tag="650" ind1=" " ind2="4">
      <subfield code="a">Women poets, European</subfield>
      <subfield code="x">Early works to 1800.</subfield>
    </datafield>
    <datafield tag="650" ind1=" " ind2="6">
      <subfield code="a">Humanistes</subfield>
      <subfield code="v">Correspondance</subfield>
      <subfield code="v">Ouvrages avant 1800.</subfield>
    </datafield>
    <datafield tag="650" ind1=" " ind2="6">
      <subfield code="a">Écrivaines italiennes</subfield>
      <subfield code="v">Correspondance</subfield>
      <subfield code="v">Ouvrages avant 1800.</subfield>
    </datafield>
    <datafield tag="600" ind1="1" ind2="7">
      <subfield code="a">Morata, Olympia Fulvia,</subfield>
      <subfield code="d">1526-1555</subfield>
      <subfield code="2">fast</subfield>
      <subfield code="1">https://id.oclc.org/worldcat/entity/E39PBJd8bXcDxPQQxGxH8kxqwC</subfield>
    </datafield>
    <datafield tag="650" ind1=" " ind2="7">
      <subfield code="a">Humanists</subfield>
      <subfield code="2">fast</subfield>
    </datafield>
    <datafield tag="650" ind1=" " ind2="7">
      <subfield code="a">Women authors, European</subfield>
      <subfield code="2">fast</subfield>
    </datafield>
    <datafield tag="650" ind1=" " ind2="7">
      <subfield code="a">Women authors, Italian</subfield>
      <subfield code="2">fast</subfield>
    </datafield>
    <datafield tag="651" ind1=" " ind2="7">
      <subfield code="a">Italy</subfield>
      <subfield code="2">fast</subfield>
      <subfield code="1">https://id.oclc.org/worldcat/entity/E39PBJvd8mVMcRhwVmbtcqCPcP</subfield>
    </datafield>
    <datafield tag="655" ind1=" " ind2="7">
      <subfield code="a">Early works</subfield>
      <subfield code="2">fast</subfield>
    </datafield>
    <datafield tag="655" ind1=" " ind2="7">
      <subfield code="a">Personal correspondence</subfield>
      <subfield code="2">fast</subfield>
    </datafield>
    <datafield tag="700" ind1="1" ind2=" ">
      <subfield code="a">Perna, Pietro,</subfield>
      <subfield code="d">1519-approximately 1582,</subfield>
      <subfield code="e">printer.</subfield>
      <subfield code="4">prt</subfield>
    </datafield>
    <datafield tag="700" ind1="0" ind2=" ">
      <subfield code="a">Elizabeth</subfield>
      <subfield code="b">I,</subfield>
      <subfield code="c">Queen of England,</subfield>
      <subfield code="d">1533-1603,</subfield>
      <subfield code="e">dedicatee.</subfield>
      <subfield code="4">dte</subfield>
    </datafield>
    <datafield tag="700" ind1="1" ind2="2">
      <subfield code="i">Container of (expression):</subfield>
      <subfield code="a">Boccaccio, Giovanni,</subfield>
      <subfield code="d">1313-1375.</subfield>
      <subfield code="t">Decamerone.</subfield>
      <subfield code="k">Selections.</subfield>
      <subfield code="l">Latin.</subfield>
    </datafield>
    <datafield tag="700" ind1="1" ind2="2">
      <subfield code="i">Container of (work):</subfield>
      <subfield code="a">Curione, Celio Secondo,</subfield>
      <subfield code="d">1503-1569.</subfield>
      <subfield code="t">Correspondence.</subfield>
      <subfield code="k">Selections.</subfield>
    </datafield>
    <datafield tag="700" ind1="1" ind2="2">
      <subfield code="i">Container of (work):</subfield>
      <subfield code="a">Curione, Celio Secondo,</subfield>
      <subfield code="d">1503-1569.</subfield>
      <subfield code="t">Speeches.</subfield>
    </datafield>
    <datafield tag="700" ind1="0" ind2="2">
      <subfield code="i">Container of (expression):</subfield>
      <subfield code="a">Cassius Dio Cocceianus.</subfield>
      <subfield code="t">Roman history.</subfield>
      <subfield code="n">Book 52.</subfield>
      <subfield code="k">Selections.</subfield>
      <subfield code="l">Latin</subfield>
      <subfield code="s">(Curione)</subfield>
    </datafield>
    <datafield tag="700" ind1="1" ind2="2">
      <subfield code="i">Container of (work):</subfield>
      <subfield code="a">Torelli Castiglioni, Ippolita,</subfield>
      <subfield code="d">1499-1520.</subfield>
      <subfield code="t">Epistola ad maritum suum Balthasarem Castellionem.</subfield>
    </datafield>
    <datafield tag="700" ind1="1" ind2=" ">
      <subfield code="a">Damasius, Johannes,</subfield>
      <subfield code="e">contributor.</subfield>
      <subfield code="4">ctr</subfield>
    </datafield>
    <datafield tag="700" ind1="1" ind2=" ">
      <subfield code="a">Cortona, Pietro,</subfield>
      <subfield code="e">contributor.</subfield>
      <subfield code="4">ctr</subfield>
    </datafield>
    <datafield tag="700" ind1="1" ind2=" ">
      <subfield code="a">Cousin, Gilbert,</subfield>
      <subfield code="d">1506-1572,</subfield>
      <subfield code="e">contributor.</subfield>
      <subfield code="4">ctr</subfield>
    </datafield>
    <datafield tag="700" ind1="1" ind2=" ">
      <subfield code="a">Birck, Sixt,</subfield>
      <subfield code="d">1500-1554,</subfield>
      <subfield code="e">contributor.</subfield>
      <subfield code="4">ctr</subfield>
    </datafield>
    <datafield tag="700" ind1="1" ind2=" ">
      <subfield code="a">Marnix van St. Aldegonde, Philips van,</subfield>
      <subfield code="d">1538-1598,</subfield>
      <subfield code="e">contributor.</subfield>
      <subfield code="4">ctr</subfield>
    </datafield>
    <datafield tag="700" ind1="1" ind2=" ">
      <subfield code="a">Moltzer, Jakob,</subfield>
      <subfield code="d">1503-1558,</subfield>
      <subfield code="e">contributor.</subfield>
      <subfield code="4">ctr</subfield>
    </datafield>
    <datafield tag="700" ind1="0" ind2=" ">
      <subfield code="a">Ofemianus,</subfield>
      <subfield code="e">contributor.</subfield>
      <subfield code="4">ctr</subfield>
    </datafield>
    <datafield tag="700" ind1="1" ind2=" ">
      <subfield code="a">Sinapius, Kilian,</subfield>
      <subfield code="e">contributor.</subfield>
      <subfield code="4">ctr</subfield>
    </datafield>
    <datafield tag="700" ind1="1" ind2=" ">
      <subfield code="a">Stiblin, Caspar,</subfield>
      <subfield code="e">contributor.</subfield>
      <subfield code="4">ctr</subfield>
    </datafield>
    <datafield tag="700" ind1="1" ind2=" ">
      <subfield code="a">Utenhove, Karl von,</subfield>
      <subfield code="d">1536-1600,</subfield>
      <subfield code="e">contributor.</subfield>
      <subfield code="4">ctr</subfield>
    </datafield>
    <datafield tag="700" ind1="1" ind2=" ">
      <subfield code="a">Zwinger, Theodor,</subfield>
      <subfield code="d">1533-1588,</subfield>
      <subfield code="e">contributor.</subfield>
      <subfield code="4">ctr</subfield>
    </datafield>
    <datafield tag="700" ind1="1" ind2=" ">
      <subfield code="a">Angenosius, Jéröme,</subfield>
      <subfield code="e">contributor.</subfield>
      <subfield code="4">ctr</subfield>
    </datafield>
    <datafield tag="740" ind1="0" ind2=" ">
      <subfield code="a">Selectae epistolae.</subfield>
    </datafield>
    <datafield tag="740" ind1="0" ind2=" ">
      <subfield code="a">Selectarum epistolarum Libri duo.</subfield>
    </datafield>
    <datafield tag="740" ind1="0" ind2=" ">
      <subfield code="a">Elegia elegantissima.</subfield>
    </datafield>
    <datafield tag="752" ind1=" " ind2=" ">
      <subfield code="a">Switzerland</subfield>
      <subfield code="d">Basel,</subfield>
      <subfield code="e">publication place.</subfield>
      <subfield code="4">pup</subfield>
    </datafield>
  </record>